00401pab a2200133 454500008004000000100002600040245007300066260000900139300001500148362000800163650003600171650002800207773003200235180718b2011 xxu||||| |||| 00| 0 eng d aBaluch, Mazhar-ul-Haq aAgricultural productivity in Pakistan: A dilemma of strategic reform c2011 ap.353-383. aOct aAgricultural production - India aAgricultural production aIndian Journal of Economics